MARC details
| 000 -LEADER |
| campo de control de longitud fija |
01724nkc a2200289za 4500 |
| 001 - NÚMERO DE CONTROL |
| campo de control |
84539 |
| 003 - IDENTIFICADOR DE NÚMERO DE CONTROL |
| campo de control |
OSt |
| 005 - FECHA Y HORA DE LA ÚLTIMA TRANSACCIÓN |
| campo de control |
20260423154907.0 |
| 007 - CAMPO FIJO DE DESCRIPCIÓN FÍSICA--INFORMACIÓN GENERAL |
| campo de control de longitud fija |
kh boc |
| 008 - DATOS DE LONGITUD FIJA--INFORMACIÓN GENERAL |
| campo de control de longitud fija |
250410s1909 sp ||||| ||||||0| i|spa d |
| 040 ## - FUENTE DE CATALOGACIÓN |
| Centro/agencia transcriptor |
M-RABA |
| 245 03 - MENCIÓN DEL TÍTULO |
| Título |
El desembarco de Colón en la isla del Salvador |
| Medio |
[Material gráfico] |
| Mención de responsabilidad, etc. |
/ Manuel Álvarez |
| 260 ## - PUBLICACIÓN, DISTRIBUCIÓN, ETC. |
| Nombre del editor, distribuidor, etc. |
[Hauser y Menet] |
| Fecha de publicación, distribución, etc. |
, [ca. 1909] |
| 300 ## - DESCRIPCIÓN FÍSICA |
| Extensión |
1 fotografía |
| Otras características físicas |
: gelatina de plata |
| Dimensiones |
; imagen 20 x 12 cm |
| -- |
; soporte secundario 30 x 24 cm |
| 500 ## - NOTA GENERAL |
| Nota general |
Fotografía del relieve "Desembarco de Colón en las Indias, en la isla de Salvador" de Manuel Álvarez, obteniendo el segundo premio en 1753 de la Academia. Se conserva en el Museo de la Real Academia de Bellas Artes de San Fernando con nº de invnetario E-145. |
| 500 ## - NOTA GENERAL |
| Nota general |
Montada sobre un soporte secundario de cartón, con texto manuscrito a lápiz en la parte inferior al recto: "El desembarco de Colón en la isla del Salvador por D. Manuel Álvarez (Premiado). 1753-1ª clase". En el verso nota manuscrita a lápiz rojo: " 1 1753-1ª clase / Manuel Alvarez" |
| 500 ## - NOTA GENERAL |
| Nota general |
Fecha probable de la realización de la fotografía realizada por Hauser y Menet. |
| 544 ## - NOTA DE LOCALIZACIÓN DE MATERIALES DE ARCHIVO RELACIONADOS |
| Depositario(custodio) |
Archivo de la Real Academia de Bellas Artes de San Fernando (Le-4-29-1) |
| 600 10 - PUNTO DE ACCESO ADICIONAL DE MATERIA--NOMBRE DE PERSONA |
| Nombre de persona |
Álvarez, Manuel |
| Fechas asociadas al nombre |
1727-1797 |
| 9 (RLIN) |
111679 |
| 610 24 - PUNTO DE ACCESO ADICIONAL DE MATERIA--NOMBRE DE ENTIDAD CORPORATIVA |
| Nombre de entidad corporativa o nombre de jurisdicción como elemento de entrada |
Real Academia de Bellas Artes de San Fernando. |
| 9 (RLIN) |
75832 |
| 651 #7 - PUNTO DE ACCESO ADICIONAL DE MATERIA--NOMBRE GEOGRÁFICO |
| Nombre geográfico |
Madrid |
| Fuente del encabezamiento o término |
embne |
| 9 (RLIN) |
75182 |
| 655 #7 - TERMINO DE INDIZACIÓN--GENERO/FORMA |
| Datos o término principal de género/forma |
Fotografías de obras de arte |
| 9 (RLIN) |
75675 |
| 710 2# - ENTRADA AGREGADA--NOMBRE DE ENTIDAD CORPORATIVA |
| Nombre de entidad corporativa o nombre de jurisdicción como elemento de entrada |
Hauser y Menet (Madrid) |
| 9 (RLIN) |
50978 |
| 852 ## - LOCALIZACIÓN |
| Número de control de estantería |
Fot-596 |
| 856 ## - LOCALIZACIÓN Y ACCESO ELECTRÓNICOS |
| Materiales especificados |
Fot-596 |
| Identificador Uniforme de Recurso |
<a href="https://archivoybiblioteca.realacademiabellasartessanfernando.com/cgi-bin/koha/opac-retrieve-file.pl?id=141ef123064c9fca2defdfba08ffae1f">https://archivoybiblioteca.realacademiabellasartessanfernando.com/cgi-bin/koha/opac-retrieve-file.pl?id=141ef123064c9fca2defdfba08ffae1f</a> |
| 942 ## - ELEMENTOS DE ENTRADA SECUNDARIOS (KOHA) |
| Fuente de la clasificación o esquema de estantería |
Clasificación Decimal Dewey |
| Tipo de ítem Koha |
Fotografías |
| Suprimir en OPAC |
No |